Pearson Custom business resources: (Record no. 6951)

000 -LEADER
fixed length control field 00618nam a2200169 4500
008 - FIXED-LENGTH DATA ELEMENTS--GENERAL INFORMATION
fixed length control field 151001b xxu||||| |||| 00| 0 eng d
020 ## - INTERNATIONAL STANDARD BOOK NUMBER
International Standard Book Number 1256579173
050 ## - LIBRARY OF CONGRESS CALL NUMBER
Classification number HD 30.28 .S77 2012
100 ## - MAIN ENTRY--PERSONAL NAME
Personal name Governors State University.
Dates associated with a name 2012.
245 ## - TITLE STATEMENT
Title Pearson Custom business resources:
Statement of responsibility, etc. Governors state university.
Remainder of title Strategic management MGMT 4900
260 ## - PUBLICATION, DISTRIBUTION, ETC. (IMPRINT)
Place of publication, distribution, etc. New York :
Name of publisher, distributor, etc. Pearson Custom Pub.,
Date of publication, distribution, etc. ©2012.
300 ## - PHYSICAL DESCRIPTION
Extent ii. 418 p. :
Other physical details ill. ;
Dimensions 26cm.
500 ## - GENERAL NOTE
General note Includes index.
650 ## - SUBJECT ADDED ENTRY--TOPICAL TERM
Topical term or geographic name as entry element Strategic management.
700 ## - ADDED ENTRY--PERSONAL NAME
Personal name Governors state university.
942 ## - ADDED ENTRY ELEMENTS (KOHA)
Source of classification or shelving scheme
Koha item type Hard Covered Materials
Classification part HD 30.28 .S77 2012
Holdings
Withdrawn status Lost status Source of classification or shelving scheme Damaged status Not for loan Home library Current library Date acquired Source of acquisition Total Checkouts Full call number Barcode Date last seen Price effective from Koha item type Shelving location Total Renewals Date last checked out
          MACHAKOS UNIVERSITY LIBRARY MACHAKOS UNIVERSITY LIBRARY 01/10/2015 Donation(B.F.A)   HD 30.28 .S77 2012 12939 07/06/2019 01/10/2015 Hard Covered Materials      
          MACHAKOS UNIVERSITY LIBRARY MACHAKOS UNIVERSITY LIBRARY 31/10/2015 Donation(B.F.A)   HD 30.28 .S77 2012 17808 31/10/2015 31/10/2015 Hard Covered Materials      
          MACHAKOS UNIVERSITY LIBRARY MACHAKOS UNIVERSITY LIBRARY 31/10/2015 Donation(B.F.A)   HD 30.28 .S77 2012 16956 31/10/2015 31/10/2015 Hard Covered Materials      
          MACHAKOS UNIVERSITY LIBRARY MACHAKOS UNIVERSITY LIBRARY 02/12/2015 Donation (BFA)   HD 30.28 .P44 2012 19173 02/12/2015 02/12/2015 Hard Covered Materials      
          MACHAKOS UNIVERSITY LIBRARY MACHAKOS UNIVERSITY LIBRARY 02/12/2015 Donation (BFA)   HD 30.28 .P44 2012 19174 31/05/2018 02/12/2015 Hard Covered Materials Technical section    
          MACHAKOS UNIVERSITY LIBRARY MACHAKOS UNIVERSITY LIBRARY 02/12/2015 Donation (BFA) 1 HD 30.28 .P44 2012 19172 08/07/2025 02/12/2015 Hard Covered Materials   1 22/05/2025
          MACHAKOS UNIVERSITY LIBRARY MACHAKOS UNIVERSITY LIBRARY 02/12/2015 Donation (BFA)   HD 30.28 .P44 2012 19031 31/05/2018 02/12/2015 Hard Covered Materials Technical section    
          MACHAKOS UNIVERSITY LIBRARY MACHAKOS UNIVERSITY LIBRARY 04/12/2015 Donation [B.F.A]   HD 30.28 .P44 2012 19272 03/06/2019 04/12/2015 Hard Covered Materials      
          MACHAKOS UNIVERSITY LIBRARY MACHAKOS UNIVERSITY LIBRARY 04/12/2015 Donation [B.F.A] 1 HD 30.28 .P44 2012 20073 03/06/2019 04/12/2015 Hard Covered Materials   1 31/03/2016
© Machakos University Library, Along The Highway, Machakos Wote Rd, Machakos, Kenya P.O. Box 136 - 90100 Machakos - Kenya

Tel: ( +254 ) 723 805829 OR Fax : 044-20353 OR Email: library@mksu.ac.ke